| 000 | 00437nam a2200181Ia 4500 | ||
|---|---|---|---|
| 003 | OSt | ||
| 005 | 20220713115424.0 | ||
| 008 | 210210b1944 xxu||||| |||| 00| 0 eng d | ||
| 040 | _cAL | ||
| 041 | _aeng | ||
| 082 | _a370/45 | ||
| 100 |
_aLIVINGSTONE (R) _948616 |
||
| 245 | _aEducation for a world adrift | ||
| 260 |
_aCambridge _bAt the University Press _c1944 |
||
| 690 |
_aEducation _948617 |
||
| 906 | _a004985 | ||
| 942 |
_2ddc _cBK |
||
| 999 |
_c128668 _d128668 |
||